Statistics for World Language General Knowledge #3

Click here to take the quiz!

General Stats

  • This quiz has been taken 14,403 times
  • The average score is 13 of 19

Answer Stats

QuestionAnswer% Correct
What is an official language of 55 different countries?English
100%
What language is the Quran written in?Arabic
92%
What is an official language of 29 different countries?French
91%
Which Greek letter looks like this: Δ?Delta
79%
What language, starting with Z, is the most commonly-spoken in South Africa?Zulu
79%
What language includes the words Kahuna, Keiki, Honu, and ʻOhana?Hawaiian
76%
What is the last letter of the Greek alphabet?Omega
75%
What playwright invented hundreds of words, including assassination and eyeball?William Shakespeare
75%
What is the most commonly-spoken Slavic language?Russian
75%
What language has given us place names such as Cwmystwyth and Llanfairpwllgwyngyll?Welsh
71%
What comes next after eins and zwei?Drei
69%
What was the most commonly-spoken language amongst Jews prior to WWII?Yiddish
62%
From what language do the family names Kardashian and Sarkisian come from?Armenian
60%
In the Bible, what building angered God, causing him to curse humans
with a "confusion of tongues"?
Tower of Babel
57%
What language, spoken in parts of Spain and France, is unrelated to any other living language?Basque
53%
What language/dialect is "Auld Lang Syne" written in?Scots
51%
What is the most commonly-spoken Native American language in the U.S.?Navajo
44%
What Mediterranean sea-faring people invented the first alphabet?The Phoenicians
43%
What country is the most linguistically diverse - with over 820 indigenous languages?Papua New Guinea
42%

Score Distribution

Percentile by Number Answered

Percent of People with Each Score

Your Score History

You have not taken this quiz